MyGZULibrary

My friend Kumalo / (Record no. 10329)

MARC details
000 -LEADER
fixed length control field 00996cam a2200277 i 4500
001 - CONTROL NUMBER
control field 382059
003 - CONTROL NUMBER IDENTIFIER
control field GZU
005 - DATE AND TIME OF LATEST TRANSACTION
control field 20220216165833.0
008 - FIXED-LENGTH DATA ELEMENTS--GENERAL INFORMATION
fixed length control field 790228r19721944rh af 000 0beng
010 ## - LIBRARY OF CONGRESS CONTROL NUMBER
LC control number 78326418
040 ## - CATALOGING SOURCE
Original cataloging agency DLC
Transcribing agency DLC
Modifying agency DLC
043 ## - GEOGRAPHIC AREA CODE
Geographic area code f-rh---
050 00 - LIBRARY OF CONGRESS CALL NUMBER
Classification number DT955
Item number .JON 1972
100 1# - MAIN ENTRY--PERSONAL NAME
Personal name Jones, Neville,
Dates associated with a name 1880-1954.
Relator term author
245 10 - TITLE STATEMENT
Title My friend Kumalo /
Statement of responsibility, etc. by Mhlagazanhlansi (Neville Jones).
260 ## - PUBLICATION, DISTRIBUTION, ETC.
Place of publication, distribution, etc. Bulawayo :
Name of publisher, distributor, etc. Books of Rhodesia,
Date of publication, distribution, etc. 1972.
300 ## - PHYSICAL DESCRIPTION
Extent 126 p., [10] leaves of plates :
Other physical details ill. ;
Dimensions 19 cm.
500 ## - GENERAL NOTE
General note "Reprint of the 1944 edition with new publishers' introduction and portrait of the author."
600 10 - SUBJECT ADDED ENTRY--PERSONAL NAME
Personal name Kumalo, Mtompe.
650 #0 - SUBJECT ADDED ENTRY--TOPICAL TERM
Topical term or geographic name entry element Presbyterian Church
Geographic subdivision Zimbabwe
General subdivision Clergy
Form subdivision Biography.
650 #0 - SUBJECT ADDED ENTRY--TOPICAL TERM
Topical term or geographic name entry element Clergy
Geographic subdivision Zimbabwe
Form subdivision Biography.
651 #0 - SUBJECT ADDED ENTRY--GEOGRAPHIC NAME
Geographic name Ndebele (African people)
General subdivision Social life and customs.
651 #0 - SUBJECT ADDED ENTRY--GEOGRAPHIC NAME
Geographic name Ndebele (African people)
Form subdivision Biography.
906 ## - LOCAL DATA ELEMENT F, LDF (RLIN)
a 7
b cbc
c orignew
d 4
e ncip
f 19
g y-gencatlg
942 ## - ADDED ENTRY ELEMENTS (KOHA)
Source of classification or shelving scheme Library of Congress Classification
Koha item type Books
Classification part 955
Item part JON
Call number prefix DT
Holdings
Withdrawn status Lost status Source of classification or shelving scheme Damaged status Not for loan Collection code Home library Current library Shelving location Date acquired Source of acquisition Total Checkouts Full call number Barcode Date last seen Copy number Price effective from Koha item type
    Library of Congress Classification     Non-fiction City Campus Library City Campus Library General Stacks 02/16/2022 Prof. R.J. Zvobgo   DT955 JON 1972 031920 02/16/2022 c. 1 02/16/2022 Books